| 000 | nam a22 a 4500 | ||
|---|---|---|---|
| 999 |
_c145640 _d145640 |
||
| 003 | BLK | ||
| 005 | 20230127123246.0 | ||
| 008 | 180410b bul|||||r ||||||| ||bul|| | ||
| 010 | _aKNG00151822000 | ||
| 040 | _aBLK | ||
| 041 |
_aBUL _cBUL |
||
| 080 |
_aФренска литература _b821.133.1 _x-93-32 _z821.133.1-93-32 |
||
| 100 | 1 |
_aГосини, Рьоне _eпърви автор _955312 |
|
| 139 |
_aГосини, Рьоне _bГ 70 |
||
| 245 | 1 | 0 |
_aМалкият Никола _bРазкази _cРьоне Госини; подб. и прев. от фр. Венелин Йовков Пройков; худож. Семпе. |
| 257 | _aFRA | ||
| 260 |
_aСофия _bОтечество _c1982 |
||
| 300 |
_a176 с. _bс ил. _c22 см |
||
| 380 | _aDX | ||
| 490 |
_aБиблиотека Смехурко _v14 _9203852 |
||
| 500 | _aПрев. е направен от Le petit Nicolas ; Les recres du petit Nicolas ; Les vacances du petit Nicolas ; Le petit Nicolas et les copains ; Joachim a des ennuis. - 55 115 тир. | ||
| 653 | _aдетска литература | ||
| 653 | _aлитература за деца | ||
| 700 | 1 |
_aПройков, Венелин Йовков _eподб. и прев. от фр. _9379987 |
|
| 700 | 1 |
_aСемпе _eхудож. _9119651 |
|
| 852 | _aЦб 262679 | ||
| 856 | 4 |
_qpdf _i0.88 _ldisable |
|
| 856 | 4 |
_qpdf _i0.88 _ldisable |
|
| 942 |
_cKNG _n0 _03 _s1 |
||
| 944 |
_aCR _c15.10.2013 _l15.10.2013 - от С1,Р / 15.10.2013 _kИвайло_Василев |
||
| 944 |
_aED _c20.09.2017 _l15.10.2013 - от С1,Р / 15.10.2013 _kСевдалина_Василева |
||
| 999 | _d145640 | ||